| 000 | 00375nam a2200121 4500 | ||
|---|---|---|---|
| 999 |
_c14057 _d14057 |
||
| 008 | 190731b ||||| |||| 00| 0 eng d | ||
| 100 |
_939058 _aWakefield, Francis T. |
||
| 245 |
_aStudents, teachers warned vs NPA recruitment/ _cFrancis T. Wakefield |
||
| 260 |
_aPhilippines: _bManila Bulletin; _cc2019. |
||
| 300 | _apage 5. | ||
| 650 | 0 |
_939059 _aTerrorism. |
|
| 942 |
_2ddc _cPER |
||